00556nam a2200181 a 45000010005000000030005000050050017000100080041000270200015000680400020000832450135001032600034002383000016002724900016002886500015003047000030003197000025003495018CDMR20131204110655.0130130s2004||||||||||||||||||||||||||||d a842521548X aCDMRbcatcCDMR03aLa confusión de los géneros en fotografíacValérie Picaudé, Philippe Arzaïbar (eds.) ; traducción de Cristina Zelich aBarcelonac2004bGustavo Gili a207 p.bil.0 aFotoGGrafia40aFotografia1 aPicaudé, Valérieeed.1 aArzaïbar, Philippe